000 00600nam a2200229Ia 4500
003 OSt
005 20220928125140.0
006 a|||||r|||| 00| 0
007 ta
008 220927b |||||||| |||| 00| 0 eng d
024 _a59120
037 _cTextual
040 _aSDCL
_cSDCL
_beng
041 _2eng
_aeng
082 _aYX, L7
100 _aSutherland John W
_9468251
245 0 _aManaging social service systems.
260 _aNew York
_b Petrocelli Book
_c1977
300 _axvii,279p.
_ccm.
942 _hYX, L7
_cTEXL
_2CC
999 _c781110
_d781110